000 01017nam a2200301Ia 4500
001 Z_1725
003 CHAP
008 220113s1999 xx 000 0 und d
010 _a164817
040 _cCHAP
090 _aTesis Z 1390
100 _aZepeda Velázquez, Enrique
_9123945
245 _aEvaluación biológica y económica en la engorda de pollos por sexos separados : sistema cinco en la línea de investigación /
_cpor Enrique Zepeda Velázquez y Julio Sánchez Villegas
260 _aChapingo, Méx. :
_bEl autor,
_c1999
300 _a51 h. : gráfs
502 _aTesis (Ing. Agr. Esp. en Zootecnia) -- UACH. Departamento de Zootecnia
650 _aAves de corral
_xAlimentación
_98638
650 _aAves de corral
_xEngorda
_98647
650 _aAves de corral
_xSexaje
_98682
650 _aAvicultura
_xAspectos económicos
_98707
700 _aSánchez Villegas, Julio
_9107922
901 _aTESIS Z 1390
902 _aM
910 _a1999
942 _c2
942 _c2
999 _c164817
_d164817